[Event "IV Festival Costa Viola B"]
[Site "Sant'Eufemia d'Aspromonte ITA"]
[Date "2011.01.05"]
[Round "7"]
[White "Minucci, Veronica"]
[Black "Pratico', Paolo"]
[Result "1-0"]
[WhiteElo "1377"]
[BlackElo "1257"]
[PlyCount "79"]
[EventDate "2011.01.02"]

1. e4 g6 2. d4 Bg7 3. Nf3 c6 4. Bd3 b5 5. O-O Nf6 6. Re1 e6 7. b3 O-O 8. a4 b4
9. c3 a5 10. Bg5 Qe7 11. Bxf6 Bxf6 12. e5 Bg7 13. Qc1 c5 14. cxb4 axb4 15. dxc5
Na6 16. Bxa6 Rxa6 17. Qc4 Rc6 18. Qxb4 Rxc5 19. Qf4 f6 20. Qg4 fxe5 21. Ra2 Bb7
22. Nbd2 d6 23. Ng5 h6 24. Nxe6 Qf7 25. Nxf8 Qxf8 26. Qxg6 Bc8 27. h3 Bf5 28.
Qg3 e4 29. Nxe4 Bxe4 30. Rxe4 Rc1+ 31. Kh2 Rc3 32. Qg4 Rxb3 33. Rae2 Rb8 34. a5
Kh8 35. Re7 Be5+ 36. R7xe5 dxe5 37. Rxe5 Qd6 38. f4 Rg8 39. Qe6 Qd2 40. Qxh6#
1-0

[Event "IV Festival Costa Viola B"]
[Site "Sant'Eufemia d'Aspromonte ITA"]
[Date "2011.01.06"]
[Round "8"]
[White "Vazzana, Antonio"]
[Black "Violi, Vincenzo"]
[Result "1-0"]
[WhiteElo "1497"]
[BlackElo "1798"]
[PlyCount "55"]
[EventDate "2011.01.02"]

1. c4 b6 2. d4 e6 3. Nc3 Bb4 4. e4 Bb7 5. Qc2 Qh4 6. Bd3 f5 7. d5 fxe4 8. Bxe4
Nf6 9. Bd3 exd5 10. Nf3 Qg4 11. O-O dxc4 12. Bf5 Qh5 13. Re1+ Be7 14. Qe2 Nc6
15. Bg5 O-O-O 16. Rad1 Rhe8 17. Bxf6 Bxf6 18. Bxd7+ Rxd7 19. Qxe8+ Qxe8 20.
Rxe8+ Nd8 21. Rxd7 Kxd7 22. Re3 Ne6 23. Ne5+ Ke7 24. Nxc4 Kf7 25. Rd3 Nd4 26.
Nd1 Ba6 27. Nde3 b5 28. Ra3 1-0

[Event "IV Festival Costa Viola B"]
[Site "Sant'Eufemia d'Aspromonte ITA"]
[Date "2011.01.06"]
[Round "8"]
[White "Serratore, Vincenzo"]
[Black "Carbone, Edoardo"]
[Result "1/2-1/2"]
[WhiteElo "1874"]
[BlackElo "1647"]
[PlyCount "96"]
[EventDate "2011.01.02"]

1. d4 Nf6 2. Nf3 e6 3. e3 b6 4. Bd3 Bb7 5. Nbd2 d5 6. Ne5 Nbd7 7. f4 Be7 8.
Ndf3 a6 9. Qe2 c5 10. c3 Qc7 11. Bd2 h6 12. O-O-O c4 13. Bc2 b5 14. g4 Ne4 15.
Be1 a5 16. Nd2 Nxd2 17. Bxd2 Nxe5 18. fxe5 b4 19. Rdf1 bxc3 20. Bxc3 Bb4 21.
Qf3 Rf8 22. h4 O-O-O 23. g5 Bxc3 24. bxc3 hxg5 25. hxg5 Qe7 26. Qg4 Qa3+ 27.
Kd2 g6 28. Rh7 Rd7 29. Bxg6 fxg6 30. Rxf8+ Qxf8 31. Qxe6 Qf2+ 32. Kd1 Qf1+ 33.
Kd2 Qd3+ 34. Ke1 Qxe3+ 35. Kf1 Qf4+ 36. Ke2 Qe4+ 37. Kf2 Qf4+ 38. Ke2 Qe4+ 39.
Kf2 Qc2+ 40. Kg1 Qc1+ 41. Kf2 Qd2+ 42. Kf1 Qd3+ 43. Kf2 Qd2+ 44. Kf1 Qf4+ 45.
Ke2 Qe4+ 46. Kf2 Qc2+ 47. Kf1 Qd3+ 48. Kf2 Qd2+ 1/2-1/2

[Event "IV Festival Costa Viola B"]
[Site "Sant'Eufemia d'Aspromonte ITA"]
[Date "2011.01.06"]
[Round "8"]
[White "Rizzuti, Pasquale"]
[Black "Greco, Simone"]
[Result "1-0"]
[WhiteElo "1840"]
[BlackElo "1605"]
[PlyCount "61"]
[EventDate "2011.01.02"]

1. c4 Nf6 2. Nc3 g6 3. d4 Bg7 4. e4 d6 5. f3 O-O 6. Be3 e5 7. d5 c6 8. Bd3 a6
9. Nge2 c5 10. Qd2 Nbd7 11. g4 b6 12. h4 h5 13. gxh5 Nxh5 14. O-O-O Re8 15.
Rdg1 Qc7 16. Bh6 Bb7 17. Bxg7 Kxg7 18. Qg5 Ndf6 19. Ng3 Kh7 20. Nce2 Qd8 21. f4
exf4 22. Nxf4 Nxg3 23. e5 Nfe4 24. Qg4 Bc8 25. e6 Rg8 26. h5 g5 27. Rxg3 gxf4
28. Bxe4+ Kh8 29. Qf5 Rg7 30. Rxg7 Kxg7 31. Rg1+ 1-0

[Event "IV Festival Costa Viola B"]
[Site "Sant'Eufemia d'Aspromonte ITA"]
[Date "2011.01.06"]
[Round "8"]
[White "Rametta, Marcello"]
[Black "Fiorentino, Vincenzo"]
[Result "1-0"]
[WhiteElo "1741"]
[BlackElo "1563"]
[PlyCount "49"]
[EventDate "2011.01.02"]

1. e4 e6 2. Nf3 Nf6 3. d3 d5 4. exd5 Nxd5 5. Be2 Nc6 6. c3 b6 7. Nbd2 Bb7 8.
Nc4 b5 9. Qb3 b4 10. a3 a5 11. Nce5 Nxe5 12. Nxe5 c5 13. Qa4+ Ke7 14. Qb5 Qc7
15. axb4 cxb4 16. c4 Qxe5 17. Qxb7+ Nc7 18. g3 g5 19. d4 Qd6 20. Bxg5+ Kd7 21.
d5 b3 22. dxe6+ Ke8 23. O-O Be7 24. exf7+ Kf8 25. Bf4 1-0

[Event "IV Festival Costa Viola B"]
[Site "Sant'Eufemia d'Aspromonte ITA"]
[Date "2011.01.06"]
[Round "8"]
[White "Arcidiaco, Francesco"]
[Black "Mileo, Miguelito"]
[Result "1/2-1/2"]
[WhiteElo "1602"]
[BlackElo "1602"]
[PlyCount "67"]
[EventDate "2011.01.02"]

1. e4 c6 2. d4 d5 3. exd5 cxd5 4. Bd3 a6 5. Nf3 Nf6 6. c3 Bg4 7. h3 Bh5 8. Qa4+
Nbd7 9. Ne5 b5 10. Qc2 e6 11. Nxd7 Qxd7 12. Bg5 Be7 13. Bxf6 Bxf6 14. O-O Qc7
15. a3 Bg6 16. Bxg6 hxg6 17. Qe2 Qf4 18. Nd2 g5 19. f3 Qg3 20. Qf2 Qd6 21. f4
g4 22. hxg4 O-O-O 23. g5 Bxg5 24. Qg3 Bf6 25. a4 b4 26. cxb4 Bxd4+ 27. Rf2 Qb6
28. Raf1 Bxf2+ 29. Rxf2 Qd4 30. Nf3 Qd1+ 31. Rf1 Rh1+ 32. Kxh1 Qxf1+ 33. Kh2 f6
34. Qxg7 1/2-1/2

[Event "IV Festival Costa Viola B"]
[Site "Sant'Eufemia d'Aspromonte ITA"]
[Date "2011.01.06"]
[Round "8"]
[White "Fariselli, Umberto"]
[Black "Bruno, Elio"]
[Result "1/2-1/2"]
[WhiteElo "1410"]
[BlackElo "1671"]
[PlyCount "87"]
[EventDate "2011.01.02"]

1. e4 c5 2. c3 d6 3. d4 Nf6 4. f3 b6 5. d5 Ba6 6. c4 g6 7. Nc3 Bg7 8. Qa4+ Nfd7
9. Bf4 O-O 10. Nh3 Ne5 11. Nf2 Bc8 12. Be2 Bd7 13. Qc2 a5 14. a4 Na6 15. b3 Nb4
16. Qd2 Qc8 17. Bg3 f5 18. O-O Ra7 19. Rac1 Nf7 20. Nb5 Rb7 21. Bh4 Bh6 22. f4
Re8 23. Nc3 e5 24. Bg3 exf4 25. Bxf4 g5 26. Bg3 f4 27. Bh5 Rf8 28. Bxf7+ Rxf7
29. Nb5 Bxb5 30. cxb5 fxg3 31. hxg3 Rf6 32. Qe2 Rbf7 33. Ng4 Rxf1+ 34. Rxf1
Rxf1+ 35. Kxf1 Qf8+ 36. Kg1 Bg7 37. Kh1 h5 38. Ne3 g4 39. Nf5 Kh8 40. Qe3 Nxd5
41. Qg5 Nf6 42. Qg6 Kg8 43. Nh6+ Kh8 44. Nf7+ 1/2-1/2

[Event "IV Festival Costa Viola B"]
[Site "Sant'Eufemia d'Aspromonte ITA"]
[Date "2011.01.06"]
[Round "8"]
[White "Paragliola, Gennaro"]
[Black "Ziparo, Francesco"]
[Result "0-1"]
[WhiteElo "1603"]
[BlackElo "1548"]
[PlyCount "78"]
[EventDate "2011.01.02"]

1. d4 Nf6 2. c4 g6 3. Nc3 d6 4. e4 Bg7 5. Be3 O-O 6. Qd2 Nbd7 7. f3 e5 8. d5 a5
9. a3 a4 10. h4 Nc5 11. Bxc5 dxc5 12. g4 Bd7 13. h5 h6 14. hxg6 fxg6 15. O-O-O
g5 16. Qh2 Ne8 17. Be2 Nd6 18. Nh3 Qe8 19. Rdg1 b5 20. Nxb5 Nxb5 21. cxb5 Bxb5
22. Bd1 Qe7 23. Rg3 Rfb8 24. Ng1 Bc4 25. Rh3 Qf6 26. Qc2 Qa6 27. Ne2 Bb3 28.
Qd2 Qc4+ 29. Nc3 Qd4 30. Qe1 Bxd1 31. Nxd1 Rb6 32. Ne3 Rxb2 33. Nc2 Rxc2+ 34.
Kxc2 Rb8 35. Qc3 Qf2+ 36. Kc1 Rb3 37. Qc2 Qe3+ 38. Qd2 Rb1+ 39. Kc2 Qb3# 0-1

[Event "IV Festival Costa Viola B"]
[Site "Sant'Eufemia d'Aspromonte ITA"]
[Date "2011.01.06"]
[Round "8"]
[White "Martino, Giovanni"]
[Black "Luppino, Domenico"]
[Result "0-1"]
[WhiteElo "1584"]
[BlackElo "1512"]
[PlyCount "52"]
[EventDate "2011.01.02"]

1. e4 e5 2. Nf3 Nc6 3. Bb5 d6 4. c4 Bd7 5. d4 Nxd4 6. Bxd7+ Qxd7 7. Nxd4 exd4
8. Qxd4 Nf6 9. Nc3 c6 10. Bg5 Be7 11. O-O O-O 12. Rad1 Rfd8 13. f4 Qc7 14. Kh1
Qa5 15. e5 dxe5 16. Qxe5 Qc5 17. Bxf6 gxf6 18. Qe2 Kh8 19. Rxd8+ Rxd8 20. b3 f5
21. Na4 Qd6 22. c5 Qe6 23. Qc2 Rd4 24. Qc3 Bf6 25. Qg3 Qe2 26. Re1 Rd1 0-1

[Event "IV Festival Costa Viola B"]
[Site "Sant'Eufemia d'Aspromonte ITA"]
[Date "2011.01.06"]
[Round "8"]
[White "Daniac, Federico"]
[Black "Palermiti, Francesco"]
[Result "1-0"]
[WhiteElo "1551"]
[BlackElo "1531"]
[PlyCount "91"]
[EventDate "2011.01.02"]

1. e4 c5 2. Nf3 Nc6 3. d4 cxd4 4. Nxd4 Nf6 5. Nc3 d6 6. Be3 a6 7. Bc4 e6 8. O-O
Be7 9. f3 O-O 10. a4 Qc7 11. Qe2 Rd8 12. Bb3 Rb8 13. Qf2 Re8 14. Rfd1 Bd7 15.
f4 Nxd4 16. Bxd4 Bc6 17. e5 dxe5 18. Bxe5 Qa5 19. Bxb8 Bc5 20. Rd4 Rxb8 21. Kh1
Bxd4 22. Qxd4 Rd8 23. Qe3 Qf5 24. Rd1 Rxd1+ 25. Nxd1 Nd5 26. Qe5 h6 27. Qxf5
exf5 28. Bxd5 Bxd5 29. Ne3 Be4 30. Kg1 g5 31. fxg5 hxg5 32. c3 Kf8 33. Kf2 Ke7
34. Nc4 Ke6 35. Nd2 Bc6 36. b3 Kd5 37. g3 g4 38. Ke3 a5 39. Kf4 Bd7 40. Nc4 Kc5
41. Nxa5 b6 42. Nc4 f6 43. Ne3 Kd6 44. Nxf5+ Bxf5 45. Kxf5 Kd5 46. Kxg4 1-0

[Event "IV Festival Costa Viola B"]
[Site "Sant'Eufemia d'Aspromonte ITA"]
[Date "2011.01.06"]
[Round "8"]
[White "Battaglia, Domenica"]
[Black "Chite', Carmelo"]
[Result "1/2-1/2"]
[WhiteElo "1509"]
[BlackElo "1467"]
[PlyCount "29"]
[EventDate "2011.01.02"]

1. e4 d5 2. e5 Bf5 3. d4 e6 4. Nf3 c5 5. Bb5+ Nc6 6. Bxc6+ bxc6 7. c3 cxd4 8.
cxd4 Bb4+ 9. Bd2 Qb6 10. O-O Rb8 11. Qa4 Ne7 12. Bxb4 Qxb4 13. Qxb4 Rxb4 14. b3
O-O 15. Nbd2 1/2-1/2

[Event "IV Festival Costa Viola B"]
[Site "Sant'Eufemia d'Aspromonte ITA"]
[Date "2011.01.06"]
[Round "8"]
[White "Minucci, Veronica"]
[Black "Laurendi, Angela"]
[Result "1-0"]
[WhiteElo "1377"]
[BlackElo "1344"]
[PlyCount "105"]
[EventDate "2011.01.02"]

1. e4 e5 2. Nf3 Nc6 3. c4 Nf6 4. d3 Bb4+ 5. Nc3 Bxc3+ 6. bxc3 O-O 7. Be2 h6 8.
O-O d6 9. Qc2 Bg4 10. Rd1 d5 11. cxd5 Bxf3 12. Bxf3 Na5 13. Ba3 Re8 14. Bb4 c6
15. Qa4 b6 16. dxc6 Rc8 17. Bxa5 bxa5 18. Rab1 Re6 19. Rb7 Rexc6 20. Rxa7 Rxc3
21. Rxa5 Rxd3 22. Be2 Rd4 23. Rxd4 Qxd4 24. Qxd4 exd4 25. h3 Nxe4 26. Bd3 Rc5
27. Ra8+ Kh7 28. Bxe4+ g6 29. g4 Re5 30. f3 Kg7 31. Ra4 f5 32. Ra7+ Kf6 33.
gxf5 gxf5 34. Ra6+ Kg5 35. Bc2 Re1+ 36. Kf2 Rc1 37. Bd3 Rd1 38. Ra3 Rd2+ 39.
Ke1 Rh2 40. Bf1 Kf4 41. Rd3 Ke5 42. a4 Ra2 43. f4+ Ke4 44. Rd2 Rxd2 45. Kxd2
Kxf4 46. a5 Kg3 47. a6 f4 48. a7 Kf2 49. a8=Q Kxf1 50. Qf3+ Kg1 51. Ke1 d3 52.
Qf2+ Kh1 53. Kf1 1-0